<?xml version="1.0" encoding="UTF-8"?>
<record
    xmlns:xsi="http://www.w3.org/2001/XMLSchema-instance"
    xsi:schemaLocation="http://www.loc.gov/MARC21/slim http://www.loc.gov/standards/marcxml/schema/MARC21slim.xsd"
    xmlns="http://www.loc.gov/MARC21/slim">

  <leader>01703nam a22001937a 4500</leader>
  <controlfield tag="008">140619b        xxu||||| |||| 00| 0 eng d</controlfield>
  <datafield tag="020" ind1=" " ind2=" ">
    <subfield code="a">9780077114534</subfield>
  </datafield>
  <datafield tag="050" ind1=" " ind2=" ">
    <subfield code="a">HD75.C7</subfield>
  </datafield>
  <datafield tag="100" ind1=" " ind2=" ">
    <subfield code="a">Clunies-Ross, Anthony.</subfield>
  </datafield>
  <datafield tag="245" ind1=" " ind2=" ">
    <subfield code="a">Development economics. /</subfield>
    <subfield code="c">Anthony Clunies-Ross.</subfield>
  </datafield>
  <datafield tag="250" ind1=" " ind2=" ">
    <subfield code="a">1st ed.</subfield>
  </datafield>
  <datafield tag="260" ind1=" " ind2=" ">
    <subfield code="a">London:</subfield>
    <subfield code="b">McGraw Hill,</subfield>
    <subfield code="c">2009.</subfield>
  </datafield>
  <datafield tag="300" ind1=" " ind2=" ">
    <subfield code="a">xxv,773p.;</subfield>
    <subfield code="b">il.:</subfield>
    <subfield code="c">26cm.</subfield>
  </datafield>
  <datafield tag="500" ind1=" " ind2=" ">
    <subfield code="a">Includes index and references.</subfield>
  </datafield>
  <datafield tag="505" ind1=" " ind2=" ">
    <subfield code="a">Contents: History, ideologies and methods: Recognizing the development imperative -- Development: the story over fifty years -- Ideologies and methods in development economics -- Macroeconomics theories of economic growth -- The development process: landmark theories -- Governance: Governance question 1: corruption -- Governance question 2: public-sector scope, enhancement and reform -- The role and potential of civil society -- Central global questions: Globalization: Trade, trade policy, international economic relations -- Poverty, equity and well being -- Sustainable development, environmental evaluation, natural resources -- Stabilization in developing countries -- Real resources and sectoral considerations: Population and labor supply -- Migration and urbanization -- Gender and development -- Agricultural development, food supply and rural transformation -- Industrialization and development -- Building technological capability -- Finance: Domestic finance -- Elaboration of economic project-appraisal -- Foreign aid -- Loans and debt -- Foreign direct investment -- International migration and remittances -- Conclusion: Guidelines, judgements and possibilties.</subfield>
  </datafield>
  <datafield tag="700" ind1=" " ind2=" ">
    <subfield code="a">Forsyth, David</subfield>
  </datafield>
  <datafield tag="700" ind1=" " ind2=" ">
    <subfield code="a">Huq, Mozammel.</subfield>
  </datafield>
  <datafield tag="942" ind1=" " ind2=" ">
    <subfield code="2">lcc</subfield>
    <subfield code="c">BK</subfield>
  </datafield>
  <datafield tag="999" ind1=" " ind2=" ">
    <subfield code="c">3046</subfield>
    <subfield code="d">10546</subfield>
  </datafield>
  <datafield tag="952" ind1=" " ind2=" ">
    <subfield code="0">0</subfield>
    <subfield code="1">0</subfield>
    <subfield code="2">lcc</subfield>
    <subfield code="4">0</subfield>
    <subfield code="7">0</subfield>
    <subfield code="a">WIUC-1</subfield>
    <subfield code="b">WIUC-1</subfield>
    <subfield code="c">REF</subfield>
    <subfield code="d">2014-06-19</subfield>
    <subfield code="l">0</subfield>
    <subfield code="o">HD75.C7</subfield>
    <subfield code="p">7759/186/14</subfield>
    <subfield code="r">2014-06-19 00:00:00</subfield>
    <subfield code="t">1</subfield>
    <subfield code="w">2014-06-19</subfield>
    <subfield code="y">BK</subfield>
  </datafield>
  <datafield tag="952" ind1=" " ind2=" ">
    <subfield code="0">0</subfield>
    <subfield code="1">0</subfield>
    <subfield code="2">lcc</subfield>
    <subfield code="4">0</subfield>
    <subfield code="7">0</subfield>
    <subfield code="a">WIUC-1</subfield>
    <subfield code="b">WIUC-1</subfield>
    <subfield code="c">REF</subfield>
    <subfield code="d">2014-06-19</subfield>
    <subfield code="l">0</subfield>
    <subfield code="o">HD75.C71</subfield>
    <subfield code="p">7760/187/14</subfield>
    <subfield code="r">2014-06-19 00:00:00</subfield>
    <subfield code="t">2</subfield>
    <subfield code="w">2014-06-19</subfield>
    <subfield code="y">BK</subfield>
  </datafield>
</record>
